| 000 | 01625nam0a22002771 4500 | ||
|---|---|---|---|
| 001 | rc\3699766 | ||
| 005 | 20250610062600.0 | ||
| 021 |
_aRU _bРг10065-74 |
||
| 021 |
_aRU _b74-69944 |
||
| 035 | _a(NLR Aleph) 007761988 | ||
| 090 |
_a7376212 _c7376212 |
||
| 100 | _a20130115d1974 |||y0rusy50 ca | ||
| 101 | 0 | _arus | |
| 102 | _aRU | ||
| 105 | _ay z ||||| | ||
| 200 | 1 |
_aРекомендации областной научно-практической конференции "Клуб - социалистическому соревнованию и движению за коммунистическое отношение к труду". 3-4 апреля 1974 г. _fСвердл. обл. совет профсоюзов. Дом худож. самодеятельности |
|
| 210 |
_aСвердловск _cБ. и. _d1974 |
||
| 215 |
_a6 с. _d19 |
||
| 532 | 1 | 3 | _aРекомендации областной научно-практической конференции Клуб - социалистическому соревнованию и движению за коммунистическое отношение к труду. 3-4 апреля 1974 г. |
| 710 | 1 | 2 |
_aКлуб - социалистическому соревнованию и движению за коммунистическое отношение к труду", свердловская областная научно-практическая конференция _f1974 _9508939 _3RU\NLR\AUTH\880422043 |
| 801 | 0 |
_aRU _bNLR _gpsbo |
|
| 801 | 1 |
_aRU _bELAR _2rusmarc |
|
| 852 |
_aNLR _j74-4/14959 |
||
| 942 | _cBOOK | ||
| 980 | _aNB | ||